书目信息 |
| 题名: |
建筑业绿色发展与项目治理体系创新研究
|
|
| 作者: | 肖绪文 , 吴涛 , 贾宏俊 , 尤完 著 | |
| 分册: | ||
| 出版信息: | 北京 中国建筑工业出版社 2022.06 |
|
| 页数: | 157页 | |
| 开本: | 26cm | |
| 丛书名: | 新型建造方式与工程项目管理创新丛书 | |
| 单 册: | ||
| 中图分类: | TU712.1 | |
| 科图分类: | ||
| 主题词: | 建筑工程--jian zhu gong cheng--工程项目管理--研究 | |
| 电子资源: | ||
| ISBN: | 978-7-112-27400-0 | |
| 000 | 01298nam 2200301 450 | |
| 001 | 26409 | |
| 005 | 20220920103346.90 | |
| 010 | @a978-7-112-27400-0@b精装@dCNY49.00 | |
| 100 | @a20220715d2022 em y0chiy50 ea | |
| 101 | 0 | @achi |
| 102 | @aCN@b110000 | |
| 105 | @aak a 000yy | |
| 200 | 1 | @a建筑业绿色发展与项目治理体系创新研究@Ajian zhu ye lv se fa zhan yu xiang mu zhi li ti xi chuang xin yan jiu@f肖绪文 ... [等] 著 |
| 210 | @a北京@c中国建筑工业出版社@d2022.06 | |
| 215 | @a157页@c图@d26cm | |
| 225 | 2 | @a新型建造方式与工程项目管理创新丛书@Axin xing jian zao fang shi yu gong cheng xiang mu guan li chuang xin cong shu@v1 |
| 304 | @a题名页题其余责任者: 吴涛, 贾宏俊, 尤完 | |
| 320 | @a有书目 (第154-157页) | |
| 330 | @a本书主要内容包括: 课题研究背景与意义、建设工程项目管理改革发展与治理体系现代化建设、“项目生产力论”的创新研究与实践应用、中国建造与建筑业绿色发展、面向“十四五”时期建筑业高质量发展政策建议。 | |
| 410 | 0 | @12001 @a新型建造方式与工程项目管理创新丛书@v1 |
| 606 | 0 | @a建筑工程@Ajian zhu gong cheng@x工程项目管理@x研究 |
| 690 | @aTU712.1@v5 | |
| 701 | 0 | @a肖绪文@Axiao xu wen@4著 |
| 701 | 0 | @a吴涛@Awu tao@4著 |
| 701 | 0 | @a贾宏俊@Ajia hong jun@4著 |
| 701 | 0 | @a尤完@Ayou wan@4著 |
| 801 | 0 | @aCN@c20220910 |
| 905 | @a河南城建学院图书馆@dTU712.1@eX295@f2 | |
| 建筑业绿色发展与项目治理体系创新研究/肖绪文 ... [等] 著.-北京:中国建筑工业出版社,2022.06 |
| 157页:图;26cm.-(新型建造方式与工程项目管理创新丛书;1) |
| ISBN 978-7-112-27400-0(精装):CNY49.00 |
| 本书主要内容包括: 课题研究背景与意义、建设工程项目管理改革发展与治理体系现代化建设、“项目生产力论”的创新研究与实践应用、中国建造与建筑业绿色发展、面向“十四五”时期建筑业高质量发展政策建议。 |
| ● |
| 相关链接 |
|
|
|
正题名:建筑业绿色发展与项目治理体系创新研究
索取号:TU712.1/X295
 
预约/预借
| 序号 | 登录号 | 条形码 | 馆藏地/架位号 | 状态 | 备注 |
| 1 | 1577479 | 215774794 | 建筑库201/201建筑库 23排2列3层/ [索取号:TU712.1/X295] | 在馆 | |
| 2 | 1577480 | 215774801 | 建筑库201/201建筑库 23排2列3层/ [索取号:TU712.1/X295] | 在馆 |